| 000 | 00976nam a2200301 a 4500 | ||
|---|---|---|---|
| 008 | |||
| 020 | _a9780128009352 (hardback) | ||
| 040 |
_aNUST _cNUST |
||
| 049 | _aMAIN | ||
| 090 |
_aQP376.6 _bNEU |
||
| 245 | 1 | 0 |
_aNeuroimaging personality, social cognition, and character/ _cedited by John R Absher & Jasmin Cloutier. |
| 260 |
_aLondon : _bAcademic Press, _c2016. |
||
| 300 |
_axiii, 405 pages : _billustrations (some colour) ; _c29 cm. |
||
| 336 |
_atext _btxt _2rdacontent |
||
| 337 |
_aunmediated _bn _2rdamedia |
||
| 338 |
_avolume _bnc _2rdacarrier |
||
| 500 | _aIncludes index. | ||
| 504 | _aIncludes bibliographical references. | ||
| 650 | 1 |
_aBrain _xImaging. |
|
| 650 | _aCharacter. | ||
| 650 |
_aHead _xImaging. |
||
| 700 |
_aAbsher, John R., _aeditor. |
||
| 700 |
_aCloutier, Jasmin., _aeditor. |
||
| 907 |
_a.b10404016 _b07-06-21 _c07-06-21 |
||
| 003 | |||
| 005 | 20230123141201.0 | ||
| 942 |
_cBOOKS _kQP376.6 _mNEU |
||
| 999 |
_c169101 _d169101 |
||